Mandamiento del Virrey para que Diego de Silva, provincial de la parroquia del Santo Evangelio le informe sobre el sucedido con los indios en Atlixco

Detalles Bibliográficos
Otros Autores: Diego de Olarde y Aguila
Formato: Libro
Publicado: México, s.f.
Materias:
Colección:Banco de datos
Acervo:Biblioteca Palafoxiana. Colección de Manuscritos
Descripción Física:5 f. ; 21.5x31 cm.
Tema general:Eclesiástica
LEADER 00498nam a22001450004500
035 |a 3057 
245 1 0 |a Mandamiento del Virrey para que Diego de Silva, provincial de la parroquia del Santo Evangelio le informe sobre el sucedido con los indios en Atlixco 
260 |a México, s.f. 
300 |a 5 f. ; 21.5x31 cm. 
650 1 0 |a Eclesiástica 
700 1 |a Diego de Olarde y Aguila 
949 |a R475/037 
942 |c PALAMANU 
943 |g Biblioteca Palafoxiana. Colección de Manuscritos 
999 |c 1071002  |d 1071002